Chess middlegames: (Record no. 10622)

MARC details
000 -LEADER
fixed length control field 00833 a2200217 4500
010 ## - LIBRARY OF CONGRESS CONTROL NUMBER
LC control number ENG-89436
020 ## - INTERNATIONAL STANDARD BOOK NUMBER
Terms of availability 260.00
International Standard Book Number 1857441257
035 ## - SYSTEM CONTROL NUMBER
System control number EN-72969
037 ## - SOURCE OF ACQUISITION
Source of stock number/acquisition DBAD / PUB
082 14 - DEWEY DECIMAL CLASSIFICATION NUMBER
Classification number 794.123
090 ## - LOCALLY ASSIGNED LC-TYPE CALL NUMBER (OCLC); LOCAL CALL NUMBER (OCLC)
-- 10924
-- 10924
100 1# - MAIN ENTRY--PERSONAL NAME
Personal name Averbakh, Yuri
245 1# - TITLE STATEMENT
Title Chess middlegames:
Remainder of title essential knowledge/
Statement of responsibility, etc by Yuri Averbakh; translated and edited by Ken Neat
260 ## - PUBLICATION, DISTRIBUTION, ETC. (IMPRINT)
Place of publication, distribution, etc Chennai
Name of publisher, distributor, etc Citadel Chess World
Date of publication, distribution, etc 2007 (repr),
270 ## - ADDRESS
Address 3, 1st Floor, Lalithambika, No. 1, 79th Street, 18th Avenue, Ashok Ngar,
City Chennai
State or province Chennai
Postal code 83
Telephone number 44-24716179 M- 9884800219
Electronic mail address info@citadelchessworld.com
300 ## - PHYSICAL DESCRIPTION
Extent 112p.;
Dimensions 22 cm (pbk)
500 ## - GENERAL NOTE
General note Includes index
700 ## - ADDED ENTRY--PERSONAL NAME
Personal name Neat, Ken
942 ## - ADDED ENTRY ELEMENTS (KOHA)
Institution code [OBSOLETE] dpl
Koha item type English Books
Call number prefix 794.123/ AVE
Holdings
Withdrawn status Lost status Source of classification or shelving scheme Damaged status Not for loan Collection code Home library Current library Source of acquisition Cost, normal purchase price Total Checkouts Full call number Barcode Date last seen Copy number Uniform Resource Identifier Cost, replacement price Price effective from Koha item type
    Dewey Decimal Classification   Not For Loan Non-fiction D.B.Act.Division D.B.Act.Division DBAD/PUB 260.00   794.123 AVE EN-72969 15/09/2008 1 11699 260.00 15/09/2008 English Books

© Delhi Public Library
Hit Counter
free hit counter